Estudio de sistemas de medida con ensayos destructivos (Registro nro. 29095)

Detalles MARC
000 -LEADER
fixed length control field 00417 a2200145 4500
001 - CONTROL NUMBER
control field ART_26203
005 - DATE AND TIME OF LATEST TRANSACTION
control field 20260410161936.0
008 - FIXED-LENGTH DATA ELEMENTS--GENERAL INFORMATION
fixed length control field 260409a
100 1# - MAIN ENTRY--PERSONAL NAME
Personal name Quaglino, Marta
245 10 - TITLE STATEMENT
Title Estudio de sistemas de medida con ensayos destructivos
700 1# - ADDED ENTRY--PERSONAL NAME
Personal name Pagura, José
700 1# - ADDED ENTRY--PERSONAL NAME
Personal name Dianda, Daniela
700 1# - ADDED ENTRY--PERSONAL NAME
Personal name Lupachini, Evangelina
773 0# - HOST ITEM ENTRY
Title SaberEs
Related parts - Nº 2 (jun. 2010)
Record control number REV26089

No hay ítems disponibles.